000 00411nam a2200169Ia 4500
008 170705s9999 xx 000 0 und d
020 _a9780439353625
245 _aSocks /
245 _cBeverly Clearly ; illustrated by Alan Tiegreen.
260 _aNew York :
260 _bScholastic,
260 _c1973
300 _a156 pages :
300 _bcolor illustration ;
300 _c19cm.
500 _a890
999 _c336433
_d336433